[Event "GRE-ch U20"]
[Site "Greece"]
[Date "2009.01.03"]
[Round "3"]
[White "Chrysomallis, Theodoros"]
[Black "Pavlidis, Anastasios"]
[Result "0-1"]
[WhiteElo "1985"]
[BlackElo "2371"]
[PlyCount "78"]
[EventDate "2009.01.02"]
[EventType "swiss"]
[EventRounds "9"]
[EventCountry "GRE"]
[SourceTitle "EXT 2011"]
[Source "ChessBase"]
[SourceDate "2010.11.26"]
[SourceVersion "1"]
[SourceVersionDate "2010.11.26"]
[SourceQuality "1"]

1. e4 c5 2. Nf3 d6 3. d4 Nf6 4. dxc5 Nxe4 5. cxd6 Nc6 6. Bd3 Nxd6 7. h3 g6 8. 0-0 Bg7 9. Nbd2 0-0 10. Nc4 Nb4 11. Nxd6 Qxd6 12. a3 Nxd3 13. Qxd3 Qxd3 14. cxd3 b6 15. d4 Bb7 16. Be3 Rfd8 17. Rfd1 Rac8 18. Rac1 e6 19. Rc3 Rxc3 20. bxc3 Rc8 21. Bd2 f6 22. Be1 Rc4 23. Ra1 b5 24. Kf1 a5 25. Bd2 Bf8 26. Ke2 Ra4 27. Bc1 b4 28. Bb2 bxa3 29. Bc1 e5 30. dxe5 fxe5 31. Be3 Bd5 32. Ne1 Rc4 33. Kd3 Rc8 34. Bc1 a2 35. Bb2 Rb8 36. c4 e4+ 37. Kd4 Bxc4 38. Kxc4 Rxb2 39. f3 Bg7 0-1